La Universidad Internacional de Verano en Santander (Record no. 115749)

MARC details
000 -LEADER
campo de control de longitud fija 00708nam a2200193 i 4500
001 - NÚMERO DE CONTROL
campo de control 115749
003 - IDENTIFICADOR DE NÚMERO DE CONTROL
campo de control ES-MaACL
005 - FECHA Y HORA DE LA ÚLTIMA TRANSACCIÓN
campo de control 20250811071125.0
007 - CAMPO FIJO DE DESCRIPCIÓN FÍSICA--INFORMACIÓN GENERAL
campo de control de longitud fija t|
008 - DATOS DE LONGITUD FIJA--INFORMACIÓN GENERAL
campo de control de longitud fija 070511s1935 sp ||||1| spa d
080 ## - NÚMERO DE LA CLASIFICACIÓN DECIMAL UNIVERSAL
Número de la Clasificación Decimal Universal 378.14(463.3 S.)"1933/34"
110 2# - ENTRADA PRINCIPAL--NOMBRE DE ENTIDAD CORPORATIVA
Nombre de entidad corporativa o nombre de jurisdicción como elemento de entrada Universidad Internacional de Verano de Santander.
9 (RLIN) 172249
245 13 - MENCIÓN DEL TÍTULO
Título La Universidad Internacional de Verano en Santander
Resto del título : resumen de sus trabajos, 1933-1934.
260 ## - PUBLICACIÓN, DISTRIBUCIÓN, ETC.
Lugar de publicación, distribución, etc. Madrid :
Nombre del editor, distribuidor, etc. Ministerio de Instrucción Pública y Bellas Artes,
Fecha de publicación, distribución, etc. 1935.
300 ## - DESCRIPCIÓN FÍSICA
Extensión 374 p., 6 lám. ;
Dimensiones 21 cm.
710 1# - ENTRADA AGREGADA--NOMBRE DE ENTIDAD CORPORATIVA
Nombre de entidad corporativa o nombre de jurisdicción como elemento de entrada España.
Unidad subordinada Ministerio de Instrucción Pública y Bellas Artes
9 (RLIN) 226896
852 ## - LOCALIZACIÓN
Ubicación ES-MaACL
Número de control de estantería C-6993
Holdings
Estatus retirado Estado de pérdida Estado de daño No para préstamo Biblioteca de origen Biblioteca actual Ubicación en estantería Fecha de adquisición Fuente de adquisición Total de préstamos Signatura topográfica completa Código de barras Visto por última vez Precio de reemplazo Tipo de ítem Koha
        Biblioteca del Ateneo de Madrid Biblioteca del Ateneo de Madrid Sala Palomar 17/01/2008     C-6993 1120706 23/02/2023 23/02/2023 Libro impreso